00580nam a2200169 a 450000100100000000500170001000800410002704000250006808200150009310000280010824500580013626000560019430000200025004900090027095201140027999900170039300003188720200930063246.0110707s19? dr 000 0 spa d aDO-SdBNPbspabBNPHU axxxbG887d1 aGrullón, Ruddy91102810aDuarte fundador de la república /cRuddy Grullón. a[Santo Domingo] :b[Instituto Duartiano],c[19--?]. a14 p. ;c21 cm. aBNPD 00107-18PDaPDbPDcOId2011-07-07iLF1l0oxxx G887dp31887-10r2020-06-25w2020-06-25yLFPDZNo se presta c31378d31378